01295nam a22003374a 4500001001100000003000800011006001900019007001500038008004100053010001700094020002100111040002100132035002000153050002800173082002000201100002100221245010600242260004900348300001600397490003100413504006600444533015200510610003100662650003000693655002900723700001600752710001700768830003200785856012500817999001500942ebr5000385CaPaEBRm u cr cn|||||||||991213s2000 enk sb 001 0 eng  z 99089714  z0745313981 (hbk) aCaPaEBRcCaPaEBR a(OCoLC)7075091814aHV8197.5.A2bE55 2000eb04a363.2/094162211 aEllison, Graham.14aThe crowned harph[electronic resource] :bpolicing Northern Ireland /cGraham Ellison and Jim Smyth. aLondonaSterling, Va. :bPluto Press,c2000. axix, 218 p.1 aContemporary Irish studies aIncludes bibliographical references (p. [196]-209) and index. aElectronic reproduction.bPalo Alto, Calif. :cebrary,d2013.nAvailable via World Wide Web.nAccess may be limited to ebrary affiliated libraries.20aRoyal Ulster Constabulary. 0aPolicezNorthern Ireland. 7aElectronic books.2local1 aSmyth, Jim.2 aebrary, Inc. 0aContemporary Irish studies.40uhttp://site.ebrary.com/lib/rucke/Doc?id=5000385zAn electronic book accessible through the World Wide Web; click to view c2794d2794